000
00327 a2200109 4500
001
ART_11041
005
20260410161732.0
008
260409a
245
1
0
_a
Economía y política Los temas comunes
100
1
_a
Expósito, David
773
0
_t
Ejecutivos de finanzas
_g
- Año 5, Nº 37 (may. 1987)
_w
REV2863
999
_c
17965
_d
17965